000 00559nam a22002177a 4500
003 OSt
005 20140310183036.0
008 130219t xxu||||| |||| 00| 0 eng d
020 _a9715553931
050 _aPR9499.3
_b.C149 2001
082 _aFIL 959.9
_bC11 2001
245 _aThree continents
_cCalero, Ana Mari S.
260 _aManila
_bDela Salle University Press
_cc2001
300 _a371 p.
_c23 cm.
521 _acollege students
526 _c1210L-1700L
541 _j1
541 _j2
562 _e2
942 _2lcc
_cBK
_kFIL
999 _c18484
_d18484